Tell me how? : (Record no. 5583)

MARC details
000 -LEADER
fixed length control field 00866nam a22002297a 4500
001 - CONTROL NUMBER
control field 5583
003 - CONTROL NUMBER IDENTIFIER
control field FISKH
005 - DATE AND TIME OF LATEST TRANSACTION
control field 20241219092522.0
008 - FIXED-LENGTH DATA ELEMENTS--GENERAL INFORMATION
fixed length control field 241219b cb ||||| |||| 00| 0 eng d
020 ## - INTERNATIONAL STANDARD BOOK NUMBER
International Standard Book Number 9780753720929
040 ## - CATALOGING SOURCE
Original cataloging agency FISKH
Language of cataloging eng
Transcribing agency FISKH
Modifying agency FISKH
082 ## - DEWEY DECIMAL CLASSIFICATION NUMBER
Classification number 032.02
100 ## - MAIN ENTRY--PERSONAL NAME
Personal name Ukazan, Ne
245 ## - TITLE STATEMENT
Title Tell me how? :
Remainder of title answers to hundreds of questions! /
Statement of responsibility, etc. by Ne Ukazan
250 ## - EDITION STATEMENT
Edition statement First published in 2001
260 ## - PUBLICATION, DISTRIBUTION, ETC.
Place of publication, distribution, etc. London :
Name of publisher, distributor, etc. Octopus Publishing Group Ltd ;
Date of publication, distribution, etc. 2001.
300 ## - PHYSICAL DESCRIPTION
Extent 207 pages :
Other physical details color illustrations , maps ;
Dimensions 24 cm .
520 ## - SUMMARY, ETC.
Summary, etc. Tell Me How provides fascinating answers to stunning questions which can provide teasing quiz questions, settle arguments and assist with school projects. It is an intriguing reference book for the whole family.
650 ## - SUBJECT ADDED ENTRY--TOPICAL TERM
Topical term or geographic name entry element landform
Form subdivision Non-fiction
942 ## - ADDED ENTRY ELEMENTS (KOHA)
Source of classification or shelving scheme Dewey Decimal Classification
Koha item type Books
Suppress in OPAC No
Holdings
Withdrawn status Lost status Source of classification or shelving scheme Damaged status Not for loan Collection Home library Current library Shelving location Date acquired Total Checkouts Full call number Barcode Date last seen Price effective from Koha item type
    Dewey Decimal Classification     Non-Fiction Footprints International School Library Network Toul Kork Campus Footprints International School Library Network Toul Kork Campus TTP Secondary Non-Fiction Bookshelves 12/19/2024   UKA 032.02 FISSE02582 12/19/2024 12/19/2024 Books